| 000 | 00508nam a2200181 i 4500 | ||
|---|---|---|---|
| 001 | 29733 | ||
| 003 | ES-MaACL | ||
| 005 | 20230906154059.0 | ||
| 007 | t| | ||
| 008 | 030122s1972 sp ||||1| spa d | ||
| 100 | 1 |
_aBalletbó, Anna. _925071 |
|
| 245 | 1 | 0 |
_aOpiniones sobre la coeducación / _cAnna Balletó. |
| 250 | _a1ª ed. | ||
| 260 |
_aBarcelona : _bInstituto Genus, _c[1972] ( _fSocitra) |
||
| 300 |
_a35 p. ; _c20 cm. |
||
| 710 | 2 |
_aInstituto Genus. _95070 |
|
| 852 |
_aES-MaACL _j2083-F-27 _bR.82423 |
||
| 999 |
_c29733 _d29733 |
||